[Event "Goodricke op 07th"]
[Site "Kolkata"]
[Date "1996.??.??"]
[Round "4"]
[White "Joydev, Saha"]
[Black "Imocha, Laisram"]
[Result "1-0"]
[WhiteElo "2135"]
[BlackElo "2300"]
[PlyCount "109"]
[EventDate "1996.02.??"]
[EventType "swiss"]
[EventRounds "11"]
[EventCountry "IND"]
[SourceTitle "CBM 050 Extra"]
[Source "ChessBase"]
[SourceDate "1996.03.01"]
[SourceVersion "1"]
[SourceVersionDate "1996.03.01"]
[SourceQuality "1"]

1. e4 e6 2. d4 d5 3. Nc3 Bb4 4. e5 b6 5. Qg4 Bf8 6. Bd3 Ne7 7. Bg5 h6 8. Qh4 a6 9. Nf3 c5 10. 0-0 Qc7 11. Qh3 Nbc6 12. Be3 Nb4 13. Rac1 c4 14. Be2 Nf5 15. Nh4 Nxh4 16. Qxh4 Qe7 17. Qg3 b5 18. f4 g6 19. Bf3 Qd8 20. Qf2 h5 21. Kh1 Nc6 22. Qe1 Ne7 23. Bf2 Nf5 24. Ne2 Bh6 25. g4 hxg4 26. Bxg4 Bf8 27. Bxf5 exf5 28. Ng1 Be6 29. Nf3 Be7 30. Rg1 Rh5 31. Qe3 Kd7 32. Be1 Qb6 33. a3 Rah8 34. Bb4 Bd8 35. Ra1 a5 36. Bc5 Qb7 37. Rg3 Kc6 38. Rag1 Qd7 39. Qd2 Kb7 40. R1g2 Ka6 41. Qc3 Qe8 42. b3 Bh4 43. Nxh4 Rxh4 44. Qd2 Rg4 45. h3 Rhh4 46. Rf3 Qh8 47. Rh2 g5 48. hxg4 fxg4 49. Rc3 Rxh2+ 50. Qxh2 Qxh2+ 51. Kxh2 gxf4 52. b4 Bf5 53. Bd6 g3+ 54. Kg2 Be4+ 55. Rf3 1-0

[Event "Kolkata op2"]
[Site "Kolkata"]
[Date "1994.??.??"]
[Round "?"]
[White "Hegde, Ravi Gopal"]
[Black "Imocha, Laisram"]
[Result "0-1"]
[WhiteElo "2380"]
[BlackElo "2285"]
[PlyCount "128"]
[EventDate "1994.??.??"]
[EventType "swiss"]
[EventRounds "11"]
[EventCountry "IND"]
[SourceTitle "EXT 1997"]
[Source "ChessBase"]
[SourceDate "1996.11.15"]
[SourceVersion "1"]
[SourceVersionDate "1996.11.15"]
[SourceQuality "1"]

1. e4 c5 2. Nf3 e6 3. d3 d5 4. Nbd2 Nc6 5. g3 Nf6 6. Bg2 dxe4 7. dxe4 e5 8. 0-0 Bg4 9. c3 Qc7 10. h3 Bd7 11. Qe2 Be7 12. Nc4 Be6 13. Bg5 0-0 14. Nfd2 Rad8 15. a4 Qc8 16. Bxf6 Bxf6 17. Kh2 b6 18. Ne3 Bg5 19. Ndc4 Qa6 20. Rfe1 Na5 21. Nxa5 Qxe2 22. Rxe2 Bxe3 23. Nc6 Bg5 24. Nxd8 Rxd8 25. h4 Bc4 26. Ree1 Bd2 27. Rg1 a5 28. Bf1 Bb3 29. Bb5 g6 30. Rg2 Bh6 31. Rf1 f5 32. f3 Be3 33. Bc6 Kg7 34. exf5 gxf5 35. Re1 Rd3 36. Bb5 c4 37. Rge2 f4 38. gxf4 exf4 39. Rg2+ Kf6 40. Kh3 Rd8 41. Rf1 Rd6 42. h5 Rd5 43. Kh4 Rd6 44. h6 Kf5 45. Kh5 Kf6 46. Rh1 Bd1 47. Rh3 Rd5+ 48. Kh4 Rc5 49. Rg8 Bc2 50. Rf8+ Ke7 51. Re8+ Kf7 52. Re4 Kf6 53. Rh2 Bxe4 54. fxe4 Ke5 55. Rg2 f3 56. Rg8 f2 57. Ra8 Kxe4 58. Kh3 Rh5+ 59. Kg2 Rg5+ 60. Kh3 Bf4 61. Bxc4 Kf3 62. Kh4 Rg4+ 63. Kh5 Rg6 64. Bd5+ Kg3 0-1

[Event "Goodricke op 05th"]
[Site "Kolkata"]
[Date "1994.??.??"]
[Round "7"]
[White "Imocha, Laisram"]
[Black "Koshy, Varugeese"]
[Result "1-0"]
[WhiteElo "2285"]
[BlackElo "2415"]
[PlyCount "63"]
[EventDate "1994.02.??"]
[EventType "swiss"]
[EventRounds "11"]
[EventCountry "IND"]
[SourceTitle "CBM 039 Extra"]
[Source "ChessBase"]
[SourceDate "1994.05.01"]
[SourceVersion "1"]
[SourceVersionDate "1994.05.01"]
[SourceQuality "1"]

1. d4 g6 2. c4 Bg7 3. Nc3 d6 4. g3 Nd7 5. Bg2 Ngf6 6. Nf3 0-0 7. 0-0 e5 8. e4 c6 9. h3 Qb6 10. dxe5 dxe5 11. Qc2 Ne8 12. Be3 Qd8 13. c5 Qe7 14. b4 Nc7 15. Rad1 Ne6 16. Rd6 Kh8 17. Rfd1 f5 18. Qb3 Re8 19. exf5 gxf5 20. Nh4 Qf6 21. b5 e4 22. Ne2 Ndxc5 23. Bxc5 Nxc5 24. Qc2 Qb2 25. Qxc5 Qxe2 26. bxc6 bxc6 27. Bf1 Qxa2 28. Bc4 Qa4 29. Kg2 a5 30. Rd8 Bb7 31. Qe7 c5 32. Ng6+ 1-0